000 01065cam a22002294a 4500
020 _a0130157945 (case)
020 _a0130157929 (pbk.)
050 0 0 _aRC86.7
_b.B68 2001
100 _aLimmer, D.
245 0 0 _aEmergency care.
_cDaniel Limmer, Michael F. O'Keefe, Harvey D. Grant, Robert H. Murray & J. David Bergeron.
250 _a9th ed., Military ed. /
_bDaniel Limmer ... [et al.] ; contributors, Beth Lothrop Adams ... [et al.] ; medical editor, Edward T. Dickinson.
260 _aUpper Saddle River, NJ [USA] :
_bBrady/Prentice Hall Health,
_cc2001.
300 _axl, 888 p. :
500 _aRev. ed. of: Brady emergency care. 8th ed. c1998.
500 _aIncludes medical terminologies and index.
500 _aIncludes CD-ROM.
650 _xFirst aid in illness and injury ;
_xRescue work ;
_xEmergency medical personnel ;
_xEmergency medicine ;
_xMedical emergencies ;
_xEmergency medical technicians ;
_xEmergency medical services.
700 1 _aLimmer, Daniel.
700 1 _aAdams, Beth Lothrop.
700 1 _aDickinson, Edward T.
942 _2lcc
_cGEN
999 _c5729
_d5729